[Event "Euskadi-ch U18"]
[Site "Eibar"]
[Date "2016.03.31"]
[Round "4.2"]
[White "Velez Nebreda, Joel"]
[Black "Vara Del Bosque, Daniel"]
[Result "0-1"]
[WhiteElo "1320"]
[BlackElo "1518"]
[PlyCount "108"]
[EventDate "2016.03.29"]
[EventType "tourn"]
[EventRounds "9"]
[EventCountry "ESP"]
[SourceTitle "EXT 2024"]
[Source "ChessBase"]
[SourceDate "2023.10.10"]
[SourceVersion "1"]
[SourceVersionDate "2023.10.10"]
[SourceQuality "1"]

1. d4 d5 2. Nf3 e6 3. e3 Be7 4. Bd3 Nf6 5. Nbd2 Nbd7 6. c3 0-0 7. Qe2 b6 8. 0-0 Bb7 9. e4 dxe4 10. Nxe4 Rc8 11. Ng3 c5 12. Bg5 Nd5 13. Qe4 g6 14. Bh6 Re8 15. c4 N7f6 16. Qe2 Nb4 17. Bb1 Bxf3 18. Qxf3 Qxd4 19. Qe2 Qh4 20. Be3 Ng4 21. h3 Nxe3 22. Qxe3 Qxc4 23. b3 Qd4 24. Qxd4 cxd4 25. Be4 Rc2 26. a3 Na6 27. Rad1 Bxa3 28. Ra1 Bb2 29. Rxa6 Rc3 30. Ra2 Rxb3 31. Rb1 Rxg3 32. fxg3 Bc3 33. Rxa7 Rd8 34. Rxb6 d3 35. Rb1 Bd4+ 36. Kf1 Bxa7 37. Rd1 d2 38. Ke2 f5 39. Bc2 Bb8 40. g4 Bf4 41. gxf5 gxf5 42. g4 fxg4 43. Rg1 g3 44. Kf3 e5 45. Bb3+ Kg7 46. Kg4 Rc8 47. Kf3 Rc1 48. Bd1 Kf6 49. Ke4 Ra1 50. Rf1 g2 51. Rg1 Bh2 52. Rxg2 Rxd1 53. Kd3 Bf4 54. h4 Rh1 0-1